Evolution and behavior (Record no. 261567)

MARC details
000 -LEADER
fixed length control field 00720nam a2200229Ia 4500
008 - FIXED-LENGTH DATA ELEMENTS--GENERAL INFORMATION
fixed length control field 191130s2016##################000#0#eng##
020 ## - INTERNATIONAL STANDARD BOOK NUMBER
ISBN 9780415522021
082 ## - DEWEY DECIMAL CLASSIFICATION NUMBER
Classification number 155.7 WOR
100 ## - MAIN ENTRY--AUTHOR NAME
Personal name Workman, Lance
245 ## - TITLE STATEMENT
Title Evolution and behavior
Statement of responsibility, etc Lance Workman and Will Reader
260 ## - PUBLICATION, DISTRIBUTION, ETC. (IMPRINT)
Place of publication Abingdon, Oxen ; New York
Name of publisher Routledge, Taylor & Francis Group
Year of publication 2016
300 ## - PHYSICAL DESCRIPTION
Number of Pages xi, 281 p ; 22 cm
500 ## - GENERAL NOTE
General note Includes bibliographical references (pages 255-271) and indexes
650 ## - SUBJECT ADDED ENTRY--TOPICAL TERM
Topical Term Behavior evolution
Topical Term Evolutionary psychology
Topical Term Human evolution
700 ## - ADDED ENTRY--PERSONAL NAME
Personal name Reader, Will
991 ## -
-- 452297
Holdings
Withdrawn status Lost status Damaged status Not for loan Home library Current library Shelving location Date acquired Full call number Accession Number Price effective from Koha item type
        Anna Centenary Library Anna Centenary Library 3RD FLOOR, A WING 13.10.2020 155.7 WOR 584561 13.10.2020 English Books

Find us on the map